Statistics for Most Visited Countries by JetPunkers

Click here to take the quiz!

General Stats

  • This quiz has been taken 19,910 times
    (19,786 since last reset)
  • The average score is 17 of 21

Answer Stats

%Country% Correct
64.3United States
100%
57.9France
98%
58.9United Kingdom
98%
49.5Germany
96%
45.3Spain
96%
35.2Canada
96%
46.6Italy
95%
20.6Mexico
94%
20.8Portugal
86%
19.6Sweden
86%
36.0Netherlands
83%
17.4Poland
80%
33.0Belgium
79%
26.4Greece
79%
29.8Switzerland
79%
19.8Ireland
78%
32.4Austria
77%
21.1Denmark
76%
18.8Turkey
67%
22.6Czech Republic
60%
23.3Vatican City
33%

Score Distribution

Percentile by Number Answered

Percent of People with Each Score

Your Score History

You have not taken this quiz since the last reset